000 00540nam a2200181 a 4500
001 000044086
005 20201002045134.0
008 140515s2004 sp 001 0 spa d
020 _a8437621917
040 _aDO-SdBNP
_bspa
_cBNPHU
100 1 _aSánchez Noriega, José Luis
_972082
245 1 0 _aDiccionario temático del cine /
_cJosé Luis Sánchez Noriega.
260 _aMadrid :
_bCátedra,
_c2004.
300 _a612 p. ;
_c22 cm.
490 1 _aSigno e imagen
_v83
500 _aIncluye índices
830 0 _aSigno e imagen
_v83
_972013
999 _c43575
_d43575